U.S. passenger rail technologies. (Record no. 547292)
[ view plain ]
| 000 -LEADER | |
|---|---|
| fixed length control field | 00872cam a2200229 a 4500 |
| 082 00 - DEWEY DECIMAL CLASSIFICATION NUMBER | |
| Classification number | 625.230973 |
| Author Mark | UNI |
| 245 00 - TITLE STATEMENT | |
| Title | U.S. passenger rail technologies. |
| 260 ## - PUBLICATION, DISTRIBUTION, ETC. | |
| Place of publication, distribution, etc. | Washington, D.C. : |
| Name of publisher, distributor, etc. | Congress of the U.S., Office of Technology Assessment : |
| -- | For sale by the Supt. of Docs., U.S. G.P.O., |
| Date of publication, distribution, etc. | [1984] |
| 300 ## - PHYSICAL DESCRIPTION | |
| Extent | x, 105 p. : |
| Other physical details | ill., maps ; |
| Dimensions | 26 cm. |
| 500 ## - GENERAL NOTE | |
| General note | "December 1983"--P. [4] of cover. |
| 500 ## - GENERAL NOTE | |
| General note | "OTA-STI-222"--P. [4] of cover. |
| 500 ## - GENERAL NOTE | |
| General note | Item 1070-M |
| 500 ## - GENERAL NOTE | |
| General note | S/N 052-003-00938-2 |
| 526 ## - STUDY PROGRAM INFORMATION NOTE | |
| Program name | 0 |
| Interest level | 0 |
| Reading level | 0 |
| Title point value | 625_230973000000000_UNI |
| 650 #0 - SUBJECT ADDED ENTRY--TOPICAL TERM | |
| Topical term or geographic name entry element | High speed trains |
| Geographic subdivision | United States. |
| 9 (RLIN) | 43502 |
| 650 #0 - SUBJECT ADDED ENTRY--TOPICAL TERM | |
| Topical term or geographic name entry element | Magnetic levitation vehicles. |
| 9 (RLIN) | 43503 |
| 650 #0 - SUBJECT ADDED ENTRY--TOPICAL TERM | |
| Topical term or geographic name entry element | MCE |
| 9 (RLIN) | 379 |
| 650 #0 - SUBJECT ADDED ENTRY--TOPICAL TERM | |
| Topical term or geographic name entry element | Railroads |
| General subdivision | Technological innovations. |
| 9 (RLIN) | 43504 |
| 650 #0 - SUBJECT ADDED ENTRY--TOPICAL TERM | |
| Topical term or geographic name entry element | Railroads |
| Geographic subdivision | United States |
| General subdivision | Passenger traffic. |
| 9 (RLIN) | 43505 |
| 710 1# - ADDED ENTRY--CORPORATE NAME | |
| Corporate name or jurisdiction name as entry element | United States. |
| 9 (RLIN) | 21185 |
| 942 ## - ADDED ENTRY ELEMENTS (KOHA) | |
| Source of classification or shelving scheme | |
| Koha item type | Book |
| Withdrawn status | Lost status | Source of classification or shelving scheme | Damaged status | Not for loan | Permanent Location | Current Location | Date acquired | Total Checkouts | Full call number | Barcode | Date last seen | Price effective from | Koha item type |
|---|---|---|---|---|---|---|---|---|---|---|---|---|---|
| Military College of Engineering (MCE) | Military College of Engineering (MCE) | 07/07/2014 | 625.230973 UNI | MCE-42967 | 07/07/2014 | 07/07/2014 | Book |
